Sudan Country Quiz - Statistics

General Stats
  • This quiz has been taken 12 times
  • The average score is 7 of 9
Answer Stats
Hint Answer % Correct
Dominant religion Islam
100%
Capital city Khartoum
100%
Longest river Nile
100%
Desert that covers most of Sudan Sahara
100%
Official language Arabic
90%
Sudan has the third-highestpopulation of this desert animal Camel
80%
Name for the historical region ofNorthern Sudan Nubia
60%
Currency of Sudan Pound
50%
Second most populous city Omdurman
40%
No matching quizzes found
Score Distribution
Percent of People with Each Score
Percentile by Number Answered
Your Score History
You have not taken this quiz